000 00571nam a22002057a 4500
005 20201118112200.0
008 201118b ||||| |||| 00| 0 eng d
020 _a9789381064054
040 _aIN-DiNC
_cIN-DiNC
041 _dasm
082 _a338.04
_bKAL
100 _aKalita, Jiten Chandra
_eauthor
245 _aUdyamita bikash:
_bDittio barkhik/
_cby Jiten Chandra Kalita
250 _a1st ed.
260 _aGuwahati:
_bBani mandir,
_c2012
300 _a200p.
650 _aSkill enhancement course
650 _aEntrepreneurship development
942 _2ddc
_cBK
999 _c11073
_d11073